Teach English a Training Course for Teachers: Teacher's Workbook. (Record no. 1307)

MARC details
000 -LEADER
fixed length control field 00405nam a22001217a 4500
005 - DATE AND TIME OF LATEST TRANSACTION
control field 20200828114212.0
008 - FIXED-LENGTH DATA ELEMENTS--GENERAL INFORMATION
fixed length control field 200828b ||||| |||| 00| 0 eng d
020 ## - INTERNATIONAL STANDARD BOOK NUMBER
International Standard Book Number 0521348633
040 ## - CATALOGING SOURCE
Transcribing agency CML
245 ## - TITLE STATEMENT
Title Teach English a Training Course for Teachers: Teacher's Workbook.
Statement of responsibility, etc. Doff, D.
260 ## - PUBLICATION, DISTRIBUTION, ETC.
Place of publication, distribution, etc. Cambridge
Name of publisher, distributor, etc. Cambridge University Press
Date of publication, distribution, etc. 1988
942 ## - ADDED ENTRY ELEMENTS (KOHA)
Source of classification or shelving scheme Dewey Decimal Classification
Koha item type Books
Edition 1st Edition
Classification part 428.07
Call number suffix DOF
Holdings
Withdrawn status Lost status Source of classification or shelving scheme Damaged status Not for loan Collection code Home library Current library Shelving location Date acquired Total Checkouts Full call number Barcode Date last seen Copy number Price effective from Koha item type
    Dewey Decimal Classification     Language Chalimbana Main Library Chalimbana Main Library Language 08/28/2020   428.07 DOF 9780521348638 08/28/2020 1 08/28/2020 Books

Powered by Koha